00398nam a2200157Ia 4500003000400000005001700004008004100021020001800062040000900080082002000089100001900109245005800128260003200186300000900218650001300227OSt20201208105358.0190216s9999||||xx |||||||||||||| ||und|| a9788126412020 coclc a894.8124bJOS/P aJoseph, K Babu 0aParinamam Sidhanthamalla Niyamamanu /cK Babu Joseph  bDc Books,aKottayam:c2006. a132p aLekhanam